000 00752nam a2200253 a 4500
008
020 _a9780750620185 (pbk.)
049 _aMAIN
090 0 _aNA9053
_bCUL
100 1 _aCullen, Gordon.
245 1 4 _aThe concise townscape /
_cGordon Cullen.
260 _aAmsterdam :
_bElsevier,
_c1971.
260 _aLondon :
_bArchitectural Press,
_c1971.
300 _a199 p. :
_bill. ;
_c21 cm.
500 _alncludes index.
500 _aFirst published in 1961 under title: Townscape.
650 0 _aCity planning
_y1945-
650 0 _aCity planning
_zGreat Britain.
907 _a.b10116709
_b24-05-13
_c02-04-04
003
005 20230123124951.0
040 _cNUST
942 _cBOOKS
_kNA9053
_mCUL
999 _c133405
_d133405